书目信息 |
| 题名: |
世界最佳企业面试指导
|
|
| 作者: | 荣福莱, 著 ;靳北翔 译 | |
| 分册: | ||
| 出版信息: | 北京 中央编译出版社 2005.01 |
|
| 页数: | 183页 | |
| 开本: | 23cm | |
| 丛书名: | 职业人生书系 | |
| 单 册: | ||
| 中图分类: | F272.92 | |
| 科图分类: | ||
| 主题词: | 企业--qi ye--招聘--基本知识 | |
| 电子资源: | ||
| ISBN: | 7-80211-062-9 | |
| 000 | 01294nam 2200325 450 | |
| 001 | CAL 012005016506 | |
| 005 | 20050615092535.55 | |
| 010 | @a7-80211-062-9@dCNY 22.00 | |
| 092 | @bPX05-06-132 | |
| 099 | @aCAL 012005016506 | |
| 100 | @a20050304d2005 ekmy0chiy0121 ea | |
| 101 | 1 | @achi@ceng |
| 102 | @aCN@b110000 | |
| 105 | @ay z 000yy | |
| 200 | 1 | @a世界最佳企业面试指导@Ashi jie zui jia qi ye mian shi zhi dao@f(美) 荣福莱著@d= The intorview guide of the world best companies@fRon Fry@g靳北翔译@zeng |
| 210 | @a北京@c中央编译出版社@d2005.01 | |
| 215 | @a183页@d23cm | |
| 225 | 2 | @a职业人生书系@Azhi ye ren sheng shudian xi |
| 330 | @a无论你是第一次还是第四十次参加面试,面试总是令人头痛,满脑子里都是"说"与"不说"的矛盾以及"怎么说"的烦恼.不过你大可不必如此.本书将指导你如何掌握面试过程:确保你将自己推销给公司. | |
| 333 | @a本书适用于全世界的高校毕业生. | |
| 410 | 0 | @12001 @a职业人生书系 |
| 510 | 1 | @aIntorview guide of the world best companies@zeng |
| 606 | 0 | @a企业@Aqi ye@x招聘@x基本知识 |
| 690 | @aF272.92@v4 | |
| 701 | 1 | @a荣福莱,@Arong fu lai@bR.@g(Fry, Ron)@4著 |
| 702 | 0 | @a靳北翔@Ajin bei xiang@4译 |
| 801 | 0 | @aCN@bWHUTL@c20050615 |
| 905 | @a10447@dF272.92@eR710 | |
| 906 | @b黄河水利职业技术学院图书馆@n5@r1@cPX05-06-132@dCNY 22.00 | |
| 998 | @aWHUT | |
| 世界最佳企业面试指导/(美) 荣福莱著= The intorview guide of the world best companies/Ron Fry/靳北翔译.-北京:中央编译出版社,2005.01 |
| 183页;23cm.-(职业人生书系) |
| 使用对象:本书适用于全世界的高校毕业生. |
| ISBN 7-80211-062-9:CNY 22.00 |
| 无论你是第一次还是第四十次参加面试,面试总是令人头痛,满脑子里都是"说"与"不说"的矛盾以及"怎么说"的烦恼.不过你大可不必如此.本书将指导你如何掌握面试过程:确保你将自己推销给公司. |
| ● |
| 相关链接 |
|
|
|
正题名:世界最佳企业面试指导
索取号:F272.92/R710
 
预约/预借
| 序号 | 登录号 | 条形码 | 馆藏地/架位号 | 状态 | 备注 |
| 1 | 534318 | 205343181 | 社科库409/409社科库 90排3列2层/ [索取号:F272.92/R710] | 在馆 | |
| 2 | 534319 | 205343190 | 社科二线422/409社科库 90排3列2层/ [索取号:F272.92/R710] | 在馆 | |
| 3 | 534320 | 205343207 | 社科二线422/409社科库 90排3列2层/ [索取号:F272.92/R710] | 在馆 | |
| 4 | 534321 | 205343216 | 社科二线422/409社科库 90排3列2层/ [索取号:F272.92/R710] | 在馆 | |
| 5 | 534322 | 205343225 | 社科二线422/409社科库 90排3列2层/ [索取号:F272.92/R710] | 在馆 |